000 01248cad a22002655a 4500
001 L158621
008 110718s2010 xxk f 000 0 eng d
035 _a(Sirsi) u158621
041 0 _aeng
050 0 4 _a658.152 $2 20
110 1 _aRoyal Institution of Chartered Surveyors
_94900
245 0 0 _aDiscounted cash flow for commercial property investments
_c[old edition]
260 _aCoventry
_bRICS
_c2010
490 0 _aRICS Guidance Note
490 0 _aRICS Valuation Standards
520 _aFocuses on discounted cash flow valuation in the particular context of commercial property investments. This guidance note is part of the RICS Valuation Standards (the 'Red Book'), 7th edition, published in 2011. It is available in digital format as a stand-alone guidance note before the publication. It is only available in hard copy as part of the Red Book.
590 _aKA NTK
650 2 4 _aRICS valuation standards
650 2 4 _aRed Book
650 2 4 _aDISCOUNTED CASH FLOW
651 4 _aUnited Kingdom
_y
690 _aValuation
_96273
856 4 0 _uhttps://www.rics.org/uk/products/knowledge-and-information-services/
_zPlease email [email protected] quoting ref 115422 for a digital copy of this archived content
942 _n0
_2ddc
999 _c115422
_d115422